000 00410nam a2200193Ia 4500
003 IT-RoPAU
008 120407s9999 xx 000 0 und d
040 _aIT-RoPAU
040 _cIT-RoPAU
041 _aita
100 _aMassimiliano Kolbe
245 _aScritti. Lettere. Vol. I, 1 - 2.
250 _aPadova
260 _c1971
300 _c22 cm
490 _v2
942 _cBK
999 _c14271
_d14271